Quiz sur le Christianisme - Statistiques

Statistiques générales
  • Ce quiz a été pris 1 279 fois
  • Le résultat moyen est 11 sur 15
Statistiques - réponses
Question Réponse % Correct
Quel est le jour où les chrétiens doivent se consacrer à Dieu ? Dimanche
94%
Qui a trahit Jésus ? Judas
91%
Qui sont les apôtres ? Les 12 disciples de Jésus qui diffusent son message.
91%
Quelles sont les quatre évangiles reconnues comme saintes par l'Eglise ? Celles de Marc, Luc, Mathieu et Jean
83%
Quelle est la branche religieuse originelle dans le christianisme ? Catholicisme
81%
Lequel de ces péchés ne fait pas parti des 7 péchés capitaux ? Ivresse
81%
De quelle religion la Vierge Marie était elle ? Judaïsme
78%
Quelle est la fête la plus importante pour les chrétiens ? Pâques
72%
Dans quelle ville est né Jésus ? Bethléem
71%
Quel est le seul péché qui n'est pas pardonné par Dieu ? Blasphème
65%
Les Evangiles sont quatre livres du Nouveau Testament racontant la vie de Jésus. Que signifie le mot 'évangile' ? Bonne Nouvelle
60%
Quelle profession apprend Jésus auprès de son père terrestre, Joseph ? Charpentier
56%
Les catholiques pratiquent 7 sacrements, mais les protestants n'en reconnaissent que deux : lesquels ? L'eucharistie et le baptême
56%
Comment appelle-t-on les premières églises chrétiennes ? Basiliques
49%
Que signifie « kyrie eleison » ? Seigneur, prends pitié !
39%
Aucun quiz correspondant
Distribution des résultats
% des personnes avec chaque résultat
Percentile par nombre de réponses
Votre historique - résultats
Vous n’avez pas pris ce quiz